| 000 | 00687nam a2200205 a 4500 | ||
|---|---|---|---|
| 001 | BRCA_605 | ||
| 005 | 20190320203100.0 | ||
| 008 | 890323r19891979nyua---##b---#001-0#eng-# | ||
| 020 | _a051768909X | ||
| 050 | 4 |
_aTS542 _b.B84 1989 |
|
| 100 | 1 |
_aBruton, Eric _92074 |
|
| 245 | 1 | 0 |
_aThe History of Clocks and Watches _cEric Bruton. |
| 260 |
_aNueva York _bCrescent Books _c1989 |
||
| 300 |
_a288 p. _bil. (algunas a color) _c30 cm. |
||
| 500 | _aIncluye glosario e índice alfabético | ||
| 500 | _a2do ejemplar en el Área de Investigación. Donación de Héctor Rivero B. (17 noviembre 2010) | ||
| 504 | _aBibliografía: p. 278-280 | ||
| 650 | 1 | 4 |
_aRelojes _xHistoria _92075 |
| 942 |
_2lcc _cB |
||
| 999 |
_c531 _d531 |
||